अमानुष / (Record no. 65331)
[ view plain ]
| 000 -LEADER | |
|---|---|
| fixed length control field | 00997nam a22002537a 4500 |
| 005 - DATE AND TIME OF LATEST TRANSACTION | |
| control field | 20120112143825.0 |
| 008 - FIXED-LENGTH DATA ELEMENTS--GENERAL INFORMATION | |
| fixed length control field | 120112t xxu||||| |||| 00| 0 mar d |
| 010 ## - LCCN (DPL NO) | |
| LC control number | MAR-22008 |
| 020 ## - INTERNATIONAL STANDARD BOOK NUMBER | |
| Terms of availability | 180.00 |
| International Standard Book Number | 9788172948535 |
| 035 ## - SYSTEM CONTROL NUMBER | |
| System control number | MR-14666 |
| 037 ## - SOURCE OF ACQUISITION | |
| Source of stock number/acquisition | DBAD/PUB |
| 040 ## - CATALOGING SOURCE | |
| Original cataloging agency | DPL |
| Language of cataloging | MR |
| 082 ## - DEWEY DECIMAL CLASSIFICATION NUMBER | |
| Classification number | 891.463 |
| 100 ## - MAIN ENTRY--PERSONAL NAME | |
| Personal name | कदम, उमेश |
| 9 (RLIN) | 39079 |
| 245 ## - TITLE STATEMENT | |
| Title | अमानुष / |
| Statement of responsibility, etc | उमेश कदम |
| 246 ## - VARYING FORM OF TITLE | |
| Title proper/short title | Amanush |
| Remainder of title | by Umesh Kadam |
| 260 ## - PUBLICATION, DISTRIBUTION, ETC. (IMPRINT) | |
| Place of publication, distribution, etc | पुणे |
| Name of publisher, distributor, etc | दिलीपराज प्रकाशन |
| Date of publication, distribution, etc | 2011 |
| 270 ## - ADDRESS | |
| Address | 251क,शनिवार पेठ, |
| City | पुणे |
| Postal code | 411030 |
| 300 ## - PHYSICAL DESCRIPTION | |
| Extent | 184पृ |
| Dimensions | 21सेमी(अजिल्द) |
| 650 ## - SUBJECT ADDED ENTRY--TOPICAL TERM | |
| Topical term or geographic name as entry element | मराठी कादंबरी |
| 9 (RLIN) | 45447 |
| 650 ## - SUBJECT ADDED ENTRY--TOPICAL TERM | |
| Topical term or geographic name as entry element | Marathi Fiction |
| 9 (RLIN) | 45448 |
| 942 ## - ADDED ENTRY ELEMENTS (KOHA) | |
| Source of classification or shelving scheme | Dewey Decimal Classification |
| Item type | Marathi Books |
| Call number suffix | कदम |
| Classification part | 891.463 |
| Withdrawn status | Lost status | Source of classification or shelving scheme | Damaged status | Not for loan | Collection code | Home library | Current library | Date acquired | Source of acquisition | Cost, normal purchase price | Total Checkouts | Full call number | Barcode | Date last seen | Copy number | Cost, replacement price | Koha item type |
|---|---|---|---|---|---|---|---|---|---|---|---|---|---|---|---|---|---|
| Dewey Decimal Classification | Not For Loan | Fiction | D.B.Act.Division | D.B.Act.Division | 20/04/2012 | DBAD / PUB | 180.00 | 891.463 कदम | MR-14666 | 20/04/2012 | 1 | 180.00 | Marathi Books |
